Click the Countries by one Cities on a Borderless World Map - Hard - Statistics

General Stats
  • This quiz has been taken 45 times
  • The average score is 8 of 20
Answers on the Map
Answers color-coded by a green-red scale on the quiz's map according to % correct below.
 
Answer Stats
Answer % Correct
Fukuoka
87%
Nuuk
71%
Aleppo
65%
Bielefeld
65%
Ürümqi
61%
Belém
55%
Cluj
48%
Timbuktu
48%
Basra
45%
Tampere
42%
Arequipa
39%
Douala
35%
Niš
29%
Barranquilla
26%
Kandy
26%
Nazaré
23%
Türkmenbasy
19%
Charlottetown
16%
Goma
13%
Lüderitz
6%
No matching quizzes found
Score Distribution
Percent of People with Each Score
Percentile by Number Answered
Your Score History
You have not taken this quiz